WMESS 2017 : abstract collection book. World Multidisciplinary Earth Sciences Symposium 2017. Prague, Czech Republic, 11-15 September, 2017

Salvato in:
Dettagli Bibliografici
Ente Autore: World Multidisciplinary Earth Sciences Symposium 2017 Praha, Česká republika
Natura: Atti del Convegno Libro
Lingua:inglese
Pubblicazione: Prague : [s.n.], 2017
Edizione:1. vyd.
Tags: Aggiungi Tag
Nessun Tag, puoi essere il primo ad aggiungerne!!

MARC

LEADER 00000nam a22000003a 4500
001 0026655
003 SK-STU
005 20171005135042.3
007 ta
008 151106s ----xo-----e------100-0-----d
040 |a STU  |b slo 
041 0 |a eng 
044 |a xr 
111 2 |a World Multidisciplinary Earth Sciences Symposium 2017  |d 11. - 15. 9. 2017  |c Praha, Česká republika 
245 1 0 |a WMESS 2017 :  |b abstract collection book. World Multidisciplinary Earth Sciences Symposium 2017. Prague, Czech Republic, 11-15 September, 2017  |h [elektronický zdroj] 
250 |a 1. vyd. 
260 |a Prague :  |b [s.n.],  |c 2017 
300 |a CD-ROM, 393 s. 
996 |c V* 752/A  |l VV6  |s P  |a 0  |w 0026655_0001